000 00485nam a22002057a 4500
003 OSt
005 20140310183127.0
008 130529t xxu||||| |||| 00| 0 eng d
020 _a9718729135
050 _aPE 1112
_b.G993 1998
082 _aFIL 428
_bL76 1998
245 _aLiving Language
_cGuzman, Maybelle K.
260 _cC1998
300 _a511 p.
521 _acollege students
526 _c1210L-1700L
541 _j1
562 _e1
942 _2lcc
_cBK
_kFIL
999 _c19049
_d19049